000 00446cam a22001337a 4500
008 180718b1995 xxu||||| |||| 00| 0 eng d
082 _aPROJ.REP. 1995/SIN/R
100 _aSingh, Rajesh
245 _aDisaster management mechanism of Goa: a critical appraisal
_cby Rajesh Singh
260 _aNew Delhi
_bIndian Institute of Public Administration
_c1995
300 _a161p.
440 _aIIPA Working Paper, 1995: 11
650 _aDisaster management
999 _c492372
_d492372